Loading...

Classified catalogue code /

Bibliographic Details
Main Author: Ranganathan, S. R.
Format: Printed Book
Language:English
Published: Asia Pub. House, 1965.
LEADER 00366nam a2200109Ia 4500
008 150624b xxu||||| |||| 00| 0 eng d
100 |a Ranganathan, S. R. 
245 |a Classified catalogue code /  |c S. R. Ranganathan 
260 |b Asia Pub. House,  |c 1965. 
942 |c BK 
999 |c 9631  |d 9631 
952 |0 1  |1 0  |4 0  |7 0  |9 9630  |a UL  |b UL  |c ST1  |d 1998-09-01  |l 0  |p 14802  |r 2012-10-27  |v 30.00  |w 2012-10-27  |y BK